000
00250nam a2200109Ia 4500
008
190913s9999||||xx |||||||||||||| ||und||
100
_a
Rasheed Akhtar
245
0
_a
Tuzak-i-Babri
260
_a
Lahore
_b
Sang-e-Meel
_c
2003
300
_a
250
942
_c
BK
999
_c
8074
_d
8074